Central Library OPAC University of Rajshahi

দাদাঠাকুর রচনা সমগ্র / (Record no. 54039)

MARC details
000 -LEADER
fixed length control field 01124nam a2200241 a 4500
001 - CONTROL NUMBER
control field 54039
003 - CONTROL NUMBER IDENTIFIER
rucl marc code BD-RjUL
005 - DATE AND TIME OF LATEST TRANSACTION
control field 20211209080050.0
008 - FIXED-LENGTH DATA ELEMENTS--GENERAL INFORMATION
fixed length control field 161031s1996 ii ||||| |||| 00| 0 ben d
020 ## - INTERNATIONAL STANDARD BOOK NUMBER
Terms of availability : IRs.12.00
035 ## - SYSTEM CONTROL NUMBER
System control number (BD-RjUL)54161
040 ## - CATALOGING SOURCE
Original cataloging agency BD-RjUL
Language of cataloging ben
Transcribing agency BD-RjUL
Modifying agency BD-RjUL
041 ## - LANGUAGE CODE
Language code of text/sound track or separate title ben
082 ## - DEWEY DECIMAL CLASSIFICATION NUMBER
Edition number 23
Classification number 891.4408
Author mark and year DAD 1996
245 10 - TITLE STATEMENT
Title দাদাঠাকুর রচনা সমগ্র /
Statement of responsibility, etc. সম্পাদনা : জঙ্গীপুর-সংবাদগোষ্ঠী, ভূমিকা : হীরেন চট্টোপাধ্যায়
260 ## - PUBLICATION, DISTRIBUTION, ETC. (IMPRINT)
Place of publication, distribution, etc. কলকাতা :
Name of publisher, distributor, etc. বশ্ববাণী প্রকাশনী,
Date of publication, distribution, etc. ১৯৯৬
300 ## - PHYSICAL DESCRIPTION
Pagination [৩০], ৩২০ পৃ. ;
Size ২৩ সেমি.
650 ## - SUBJECT ADDED ENTRY--TOPICAL TERM
Topical term or geographic name as entry element বাংলা সাহিত্য
Form subdivision সংগ্রহ
9 (RLIN) 117445
Topical term or geographic name as entry element Bengali literature
Form subdivision Collections
9 (RLIN) 161344
700 ## - ADDED ENTRY--PERSONAL NAME
Personal name জঙ্গীপুর-সংবাদগোষ্ঠী : সম্পদনা
Personal name চট্টোপাধ্যায়, হীরেন : ভূমিকা
942 ## - ADDED ENTRY ELEMENTS (KOHA)
Source of classification or shelving scheme Dewey Decimal Classification
Koha item type Books
Holdings
Lost status Source of classification or shelving scheme Damaged status Not for loan Collection code Permanent Location Current Location Shelving location Date acquired Source of acquisition Cost, normal purchase price Total Checkouts Full call number Date last seen Copy number Koha item type
  Dewey Decimal Classification     Non-fiction Central Library, University of Rajshahi Central Library, University of Rajshahi   29/12/1996 Ankur prokashoni 60.00   B 891.4408 DAD 1996 31/10/2016 C-2 Books
  Dewey Decimal Classification   Not For Loan Non-fiction Central Library, University of Rajshahi Central Library, University of Rajshahi Reading Room 29/12/1996 Ankur Prokasoni, Dhaka 60.00   B 891.4408 DAD 1996 02/02/2017 C-1 Books